Quiz Urbanisme - Statistiques

Statistiques générales
  • Ce quiz a été pris 13 fois
  • Le résultat moyen est 5 sur 15
Statistiques - réponses
Hint Réponse % Correct
Nom donné aux ensembles de logements collectifs, construits en France entre les années 50s et 70s, marqués par un urbanisme de barre et de tours, dans le but premier de faire face à la crise du logement Grands Ensembles
75%
Célèbre architecte français, connu notamment pour avoir supervisé la construction du quartier de la Cité Radieuse à Marseille Le Corbusier
75%
Concept imaginé à la fin du XIXe siècle par Ebenezer Howard, consistant quartier qui cherche à combiner les avantages de la ville (emplois, services, commerces) et ceux de la campagne (verdure, air plus sain, espaces ouverts) Cité Jardin
63%
Architecte et urbaniste espagnol du XIXe siècle, connu notamment pour avoir réalisé le plan d'extension de Barcelone Ildefons Cerda
63%
Charte réalisée par celui-ci en 1933, à propose de la planification et de la construction des villes Charte d'Athènes
50%
Ville nouvelle de Seine et Marne, généralement considérée comme la plus réussie des 8 Marne La Vallée
38%
Nombre de quartiers bénéficiant du dispositif de Quartier Prioritaire de la Politique de la Ville (QPPV), à la centaine près, en France 1500
25%
Date d'application de la loi LOV (Loi d'Orientation pour la Ville) qui opposait aux agglomérations de + de 200 000 habitants d'avoir au moins 20% de logements sociaux 1991
25%
Nom donné à son homologue de la voie de l'axe Est-Ouest Decumanus
25%
Ancêtres des actuels HLM, bâtis avant la Seconde Guerre Mondiale, correspondant à des logements à prix social avec une exonération fiscal Habitations à Bon Marché
25%
Année de création de la Société Française des Urbanistes (SFU), considéréé comme la première association déclarée d'urbanistes dans le monde 1911
0%
Nom de la voie l'axe Nord-Sud la plus importante de la ville romaine durant l'Antiquité Cardo Maximus
0%
Organisme à l'origine de la Politique des Villes Nouvelles depuis le milieu des années 1960s (acronyme) DATAR
0%
Projet de ville nouvelle à Abu Dhabi depuis 2008, basé sur un urbanisme écologique Masdar CIty
0%
Aussi appelé "Plan en Damier", nom du premier grand type de plans d'urbanisme, organisant les rues en lignes droites, se croisant à angles droits, formant des blocs réguliers Plan Hippodamien
0%
Aucun quiz correspondant
Distribution des résultats
% des personnes avec chaque résultat
Percentile par nombre de réponses
Votre historique - résultats
Vous n’avez pas pris ce quiz